Responses for Show #2681 - Monday, April 8, 1996

Contestants

[<< previous game]

Jim Hankinson, a professor from Austin, Texas

Rebecca Deepchandani, an assistant manager from Walnut Creek, California

Rick Blumenfeld, a research attorney from Albuquerque, New Mexico

[next game >>]

Jeopardy! Round responses

CONTEMPORARIES
NEWSPAPERS
FOOD FACTS
WORD ORIGINS
HEALTH & MEDICINE
POTPOURRI
    $100 1
Thomas Jefferson

Jim
    $100 19
Little Rock

Rick
    $100 30
mint

Rebecca
    $100 6
Jumbo

Rick
    $100 10
arteries

Rick
    $100 2
in the bush

Rick
    $200 3
Milton

Rick
    $200 4
(Rebecca: What is the Herald?)
(Rick: What is the Constitution?)

the Journal

RickRebecca
Triple Stumper
    $200 13
Genoa

Jim
    $200 7
the Incan Empire

Jim
    $200 11
asthma

Rebecca
    $200 5
Nelson Mandela

Jim
    $300 27
(Rick: Who is Alexander the Great?)
...
(Alex: The father, yes.)

Philip

RickJim
    $300 20
(Rick: Who is Pulitzer?)
(Who is Murdoch?)

Frank Gannett

RickRebecca
Triple Stumper
    $300 23
(Rick: What is a shark?)
(Jim: What is a porpoise?)

a sturgeon (fish, cod)

RickJim
Triple Stumper
    $300 8
panda

Rebecca
    $300 12
(Jim: What is grinding the teeth?)

sucking your thumb

RickJim
    $300 15
G.I. Joe

Jim
    $400 28
Cecil Rhodes

Jim
    $400 21
The Christian Science Monitor

Rick
    $400 14
South Africa

Jim
    $500 9
(Rebecca: What are clubs?)

skis

Rebecca
    $400 18
postpartum depression

Rick
    $400 16
Daniel Boone

Rick
    $500 29
Charles Martel

Triple Stumper
    $500 22
the San Francisco Examiner

Jim
    $500 24
tripe

Jim
    $500 25
ikebana

Triple Stumper
    $500 26
falling asleep

Rebecca
    $500 17
the AFL (the American Federation of Labor)

Rick

Scores at the first commercial break (after clue 14):

Rick Rebecca Jim
$600 -$200 $800

Scores at the end of the Jeopardy! Round:

Rick Rebecca Jim
$1,500 $100 $2,500

Double Jeopardy! Round responses

MAN-MADE LAKES
NONFICTION
SAINTS
ZOOLOGY
19th CENTURY AMERICA
GENE KELLY MOVIES
    $200 23
Ellen DeGeneres

Jim
    $200 13
St. George

Jim
    $200 5
the vampire bat

Rick
    $200 1
Boston

Rebecca
    $200 3
The Three Musketeers

Rick
    $400 25
Canberra

Rebecca
    $400 14
Greek

Jim
    $400 6
frogs & toads

Triple Stumper
    $400 2
vice president

Triple Stumper
    $400 4
Fred Astaire

Jim
    $600 24
(Rick: What is Nevada?)
...
(Alex: We have about a minute to go.)

Utah

RickRebecca
    $600 28
[The end-of-round signal sounds.]

Carl Sagan

Rebecca
    $600 15
ST. Teresa of Ávila

Jim
    $600 10
the salmon

Rick
    $600 7
Washington Irving

Rebecca
    $600 20
Leslie Caron

Rick
    $1,500 26
(Rebecca: Lake Cairo? What is Lake Cairo?)

Lake Nasser

Rebecca
    $800 18
(Rick: Who is Ray Cock?)

Ray Kroc

RickJim
    $800 16
(Rebecca: Who is Joan of Arc?)
(Jim: Who is Saint Louis?)

St. Denis (St. Dennis)

RebeccaJim
Triple Stumper
    $800 11
a burro

Rick
    $800 8
Bryn Mawr

Rick
    $800 21
Judy Garland

Triple Stumper
    $1000 27
(Jim: What is Arkansas?)

Missouri

RebeccaJim
    $1000 19
(Alfonse) D'Amato

Rick
    $2,000 17
(Jim: What is... Michigan?)

Kansas

Jim
    $1000 12
the gecko

Rebecca
    $1000 9
Sequoyah

Rebecca
    $1000 22
(Rick: What is Dance, uh, [*]?)

Singin' in the Rain

Rick

Scores at the end of the Double Jeopardy! Round:

Rick Rebecca Jim
$5,300 $3,200 $1,300

[wagering suggestions for these scores]

Final Jeopardy! Round responses

FAMOUS ENGINEERS
(Alex: [To Rebecca] What is it?)
(Rebecca: Uh, nothing, never mind.)
...
(Rick: I meant, Chris Craft.)
JimWho is von Braun
$100
RebeccaWho is Steve l
$3,199
RickWho is Chris Cr?
$1,101
(Wernher) von Braun

Final scores:

Rick Rebecca Jim
$4,199 $1 $1,400
New champion: $4,199 3rd place: Service Merchandise gift certificate + Jeopardy! home game & GameTek Jeopardy! 2nd place: General Instruments satellite system & Curtis Mathes 35" home theater monitor + Jeopardy! home game & GameTek Jeopardy!

Game dynamics:

Coryat scores:

Rick Rebecca Jim
$5,300 $5,200 $3,300
18 R,
6 W
12 R,
5 W
(including 2 DDs)
16 R,
5 W
(including 1 DD)

Combined Coryat: $13,800

[game] [game scores] [suggest correction]

Game tape date: 1995-12-13
The J! Archive is created by fans, for fans. Scraping, republication, monetization, and malicious use prohibited; this site may use cookies and collect identifying information. See terms. The Jeopardy! game show and all elements thereof, including but not limited to copyright and trademark thereto, are the property of Jeopardy Productions, Inc. and are protected under law. This website is not affiliated with, sponsored by, or operated by Jeopardy Productions, Inc. Join the discussion at JBoard.tv.